000
00296nam a22001337a 4500
020
_a
92-5-104226-8
041
_a
ENG
100
_a
Mike Battcock
245
_a
Fermented Fruits And Vegetables A global Perspective
260
_a
Rome
_b
FAO
_c
1998
300
_a
96
650
_a
FAO
856
_u
FAO
999
_c
3266
_d
3266